[Event "European Youth Chess Championship B12"]
[Site "Prague, Top Hotel Prague"]
[Date "2016.08.21"]
[Round "4.19"]
[White "Mochalin, Faddey"]
[Black "Horobrijs, Daniils"]
[Result "0-1"]
[WhiteElo "2020"]
[BlackElo "1829"]
[PlyCount "120"]
[EventDate "2016.08.18"]

1. d4 Nf6 2. c4 c5 3. d5 b5 4. cxb5 a6 5. bxa6 g6 6. Nc3 Bg7 7. e4 O-O 8. Nf3
Qa5 9. Bd2 d6 10. Nb5 Qb6 11. a7 Nbd7 12. Qc2 Ba6 13. a4 Rfc8 14. Bc3 c4 15.
Nfd4 Bxb5 16. Nxb5 Nc5 17. f3 Nb3 18. Rd1 Qc5 19. Be2 Nd7 20. Bxg7 Kxg7 21.
Qc3+ f6 22. Na3 Nb6 23. Nxc4 Nxc4 24. Qxb3 Ne3 25. Rd3 Nxg2+ 26. Kd2 Qxa7 27.
Ra1 Nf4 28. a5 Rab8 29. Qa3 Nxd3 30. Kxd3 Rc5 31. Kd2 Rbc8 32. Bd3 R5c7 33. Rf1
Qd4 34. Qb3 Rc2+ 35. Qxc2 Rxc2+ 36. Kxc2 Qa4+ 37. Kc3 Qxa5+ 38. b4 Qb6 39. b5
h5 40. Kd2 Qd4 41. Rb1 Qb6 42. Ke2 Kh6 43. Ra1 Kg5 44. Ra6 Qd4 45. Ra2 Kf4 46.
Kd2 h4 47. Kc2 Kxf3 48. Rb2 Qb6 49. Kc3 g5 50. h3 Kg3 51. Bf1 Kf4 52. Kd3 g4
53. hxg4 Kxg4 54. Kc4 h3 55. Rh2 Qc5+ 56. Kb3 Qe3+ 57. Ka2 Qxe4 58. b6 Qxd5+
59. Kb1 Qf5+ 60. Rc2 Qxf1+ 0-1

[Event "European Youth Chess Championship B12"]
[Site "Prague, Top Hotel Prague"]
[Date "2016.08.21"]
[Round "4.20"]
[White "Kevlishvili, Nika"]
[Black "Petkov, Momchil"]
[Result "1-0"]
[WhiteElo "1788"]
[BlackElo "1997"]
[PlyCount "55"]
[EventDate "2016.08.18"]

1. c4 c5 2. Nc3 Nf6 3. g3 e6 4. Bg2 Be7 5. Nf3 Nc6 6. O-O O-O 7. d4 cxd4 8.
Nxd4 a6 9. h3 Qc7 10. Be3 d6 11. Rc1 Nxd4 12. Bxd4 Bd7 13. Qb3 Bc6 14. Nd5 Qd8
15. Nxe7+ Qxe7 16. Rfd1 Bxg2 17. Kxg2 e5 18. Bb6 Rac8 19. Qa3 Rc6 20. Ba5 Ne4
21. Bb4 Qe6 22. Qd3 Ng5 23. h4 Qh3+ 24. Kg1 Ne6 25. Bxd6 Rd8 26. c5 Nxc5 27.
Qe3 Ne6 28. Bxe5 1-0

[Event "European Youth Chess Championship B12"]
[Site "Prague, Top Hotel Prague"]
[Date "2016.08.21"]
[Round "4.21"]
[White "Budisavljevic, Luka"]
[Black "Pobor, Milo"]
[Result "1-0"]
[WhiteElo "1993"]
[BlackElo "1817"]
[PlyCount "45"]
[EventDate "2016.08.18"]

1. d4 Nf6 2. c4 e6 3. Nc3 d5 4. cxd5 exd5 5. Bg5 Nbd7 6. e3 c6 7. Bd3 Be7 8.
Qc2 Nh5 9. Bxe7 Qxe7 10. Nge2 g6 11. O-O-O Nb6 12. Kb1 Be6 13. Rc1 O-O-O 14.
Na4 Nxa4 15. Qxa4 Kb8 16. Rc3 Qc7 17. Rhc1 Bd7 18. Ra3 b6 19. Nc3 Nf6 20. Qb4
Qxh2 21. g3 Be6 22. Qe7 Qxf2 23. Qxa7+ 1-0

[Event "European Youth Chess Championship B12"]
[Site "Prague, Top Hotel Prague"]
[Date "2016.08.21"]
[Round "4.22"]
[White "Vojta, Jakub"]
[Black "Tanriverdi, Enes"]
[Result "0-1"]
[WhiteElo "1771"]
[BlackElo "1991"]
[PlyCount "78"]
[EventDate "2016.08.18"]

1. e4 c5 2. Nc3 Nc6 3. g3 g6 4. Bg2 Bg7 5. d3 Nd4 6. Be3 d6 7. Qd2 Rb8 8. Nd1
e6 9. c3 Nc6 10. Ne2 Nge7 11. Bh6 O-O 12. h4 Bxh6 13. Qxh6 f6 14. f4 Kh8 15. f5
exf5 16. O-O Be6 17. Ne3 Qd7 18. d4 cxd4 19. cxd4 d5 20. exf5 Bxf5 21. Nc3 Nxd4
22. Rad1 Ne6 23. Nxf5 Nxf5 24. Rxf5 gxf5 25. Rxd5 Qc7 26. Rxf5 Qxg3 27. Ne4 Qg7
28. Rxf6 Rxf6 29. Qxf6 Qxf6 30. Nxf6 b6 31. Be4 h6 32. Nd5 Nc5 33. Bg6 Rd8 34.
Ne7 Rd2 35. Nf5 Rxb2 36. h5 Ne6 37. Nxh6 Nf4 38. Nf5 Nxg6 39. hxg6 Rxa2 0-1

[Event "European Youth Chess Championship B12"]
[Site "Prague, Top Hotel Prague"]
[Date "2016.08.21"]
[Round "4.23"]
[White "Dudin, Gleb"]
[Black "Frank, Adam"]
[Result "1-0"]
[WhiteElo "1965"]
[BlackElo "1816"]
[PlyCount "63"]
[EventDate "2016.08.18"]

1. d4 f5 2. c4 Nf6 3. Nc3 g6 4. Nf3 Bg7 5. b4 O-O 6. Bb2 Ne4 7. e3 d6 8. Bd3
Nxc3 9. Bxc3 Nd7 10. Qb3 e5 11. c5+ Kh8 12. dxe5 dxe5 13. Bc4 Qe7 14. O-O e4
15. Bxg7+ Qxg7 16. Nd4 Ne5 17. Rfd1 Bd7 18. a4 Rad8 19. Ra2 Qf6 20. Rad2 Nxc4
21. Qxc4 h5 22. b5 f4 23. exf4 Qxf4 24. Qc3 Qf6 25. Ne2 Qxc3 26. Nxc3 Rf7 27.
c6 bxc6 28. bxc6 Rdf8 29. cxd7 Rd8 30. Nxe4 Kg7 31. Nc5 Kf6 32. Nb7 1-0

[Event "European Youth Chess Championship B12"]
[Site "Prague, Top Hotel Prague"]
[Date "2016.08.21"]
[Round "4.24"]
[White "Poltorak, Sebastian"]
[Black "Stukan, Martin"]
[Result "0-1"]
[WhiteElo "1763"]
[BlackElo "1962"]
[PlyCount "62"]
[EventDate "2016.08.18"]

1. d4 Nf6 2. c4 e6 3. Nc3 d5 4. cxd5 Nxd5 5. e4 Nxc3 6. bxc3 c5 7. d5 g6 8.
Bb5+ Bd7 9. Bxd7+ Nxd7 10. c4 Bg7 11. Rb1 Qa5+ 12. Bd2 Qxa2 13. Rc1 Ne5 14. Qe2
O-O 15. Nh3 exd5 16. cxd5 c4 17. Kf1 Nd3 18. Rd1 Rfe8 19. f3 f5 20. g3 b5 21.
Qe3 Qc2 22. Qe2 fxe4 23. fxe4 Rxe4 24. Qxe4 Qxd1+ 25. Be1 Rf8+ 26. Kg2 Qc2+ 27.
Nf2 Rxf2+ 28. Bxf2 Qxf2+ 29. Kh3 Qf7 30. Qe3 Nf2+ 31. Kg2 Nxh1 0-1

[Event "European Youth Chess Championship B12"]
[Site "Prague, Top Hotel Prague"]
[Date "2016.08.21"]
[Round "4.25"]
[White "Luczak, Filip"]
[Black "Minko, Dmitry"]
[Result "0-1"]
[WhiteElo "1749"]
[BlackElo "1960"]
[PlyCount "78"]
[EventDate "2016.08.18"]

1. e4 e5 2. Nf3 Nc6 3. Bb5 Nf6 4. d3 Ne7 5. O-O Ng6 6. Re1 h6 7. d4 exd4 8. e5
Nh7 9. e6 Be7 10. exf7+ Kxf7 11. Bd3 d6 12. Qe2 Bf6 13. Bxg6+ Kxg6 14. Nxd4
Bxd4 15. Qd3+ Bf5 16. Qxd4 Re8 17. Be3 Nf6 18. Nc3 Kh7 19. Qd2 Qd7 20. f3 Qf7
21. Bf2 a6 22. Ne2 Kg8 23. Nd4 Bh7 24. Nb3 Rxe1+ 25. Rxe1 Re8 26. c3 Rxe1+ 27.
Qxe1 Nd7 28. Bg3 Qg6 29. Kf2 Kf7 30. Qd2 Nb6 31. Qe2 Qb1 32. Na5 Bd3 33. Qd2
Nd5 34. Bh4 g5 35. Bxg5 hxg5 36. Qxg5 Qxb2+ 37. Kg3 Nf6 38. Nb3 Qxc3 39. h4 Bg6
0-1

[Event "European Youth Chess Championship B12"]
[Site "Prague, Top Hotel Prague"]
[Date "2016.08.21"]
[Round "4.26"]
[White "Sosovicka, Jakub"]
[Black "Abelakiotis, Stavros"]
[Result "0-1"]
[WhiteElo "1959"]
[BlackElo "1784"]
[PlyCount "48"]
[EventDate "2016.08.18"]

1. e4 c5 2. Nf3 e6 3. d4 cxd4 4. Nxd4 Nc6 5. Nc3 Qc7 6. Be3 a6 7. Qf3 b5 8.
Nxc6 Qxc6 9. Bd3 Ba3 10. Nb1 Be7 11. Qg3 g6 12. Bd4 Bf6 13. Bxf6 Nxf6 14. Qe5
Ke7 15. Nc3 Bb7 16. O-O-O b4 17. Bb5 axb5 18. Nd5+ Nxd5 19. exd5 Qd6 20. Qg5+
f6 21. Qh6 Kf7 22. dxe6+ Qxe6 23. Rhe1 Qc6 24. Qh3 d5 0-1

[Event "European Youth Chess Championship B12"]
[Site "Prague, Top Hotel Prague"]
[Date "2016.08.21"]
[Round "4.27"]
[White "Antonica, Dragos-Andrei"]
[Black "Hakobyan, Eduard"]
[Result "1-0"]
[WhiteElo "1946"]
[BlackElo "1776"]
[PlyCount "149"]
[EventDate "2016.08.18"]

1. Nf3 Nf6 2. d4 e6 3. e3 c5 4. b3 b6 5. Bb2 Bb7 6. Bd3 Be7 7. Nbd2 O-O 8. O-O
Qc7 9. c4 Nc6 10. a3 d5 11. cxd5 exd5 12. dxc5 bxc5 13. Qc2 h6 14. Rac1 Nd7 15.
Bh7+ Kh8 16. Bf5 Rad8 17. Qb1 Rfe8 18. b4 cxb4 19. axb4 Bxb4 20. Bxg7+ Kxg7 21.
Qxb4 Qxh2+ 22. Kxh2 Nxb4 23. Rc7 Bc6 24. Rxa7 Nc5 25. Rc1 Ne4 26. Nd4 Ra8 27.
Nxc6 Rxa7 28. Nxe4 Rc7 29. Nc5 Nxc6 30. Na6 Rb7 31. Rxc6 Rb2 32. Kg3 Re5 33.
Kf4 Re7 34. Kf3 d4 35. exd4 Ree2 36. Kg3 Rxf2 37. Be4 Rfd2 38. d5 Rd4 39. Bf3
Rb3 40. Nc5 Rxf3+ 41. gxf3 Rxd5 42. Ne4 Re5 43. Kf4 Re7 44. Kf5 Ra7 45. f4 Ra5+
46. Rc5 Ra6 47. Ng3 Rf6+ 48. Kg4 Re6 49. Kf3 Ra6 50. Nh5+ Kh7 51. Kg4 Rg6+ 52.
Kf5 Ra6 53. Rc7 Ra5+ 54. Kg4 Kg8 55. Ng3 Ra6 56. Ne2 Ra4 57. Ng1 Ra5 58. Nf3
Ra6 59. Ne5 Rf6 60. Rc6 Kg7 61. Rxf6 Kxf6 62. Nd3 Kg6 63. f5+ Kf6 64. Kf4 Kg7
65. Nf2 Kf6 66. Ng4+ Kg7 67. Ke5 h5 68. Nf2 h4 69. Nh3 Kh6 70. Kf6 Kh5 71. Nf2
Kh6 72. Kxf7 Kg5 73. f6 Kf4 74. Kg6 Kg3 75. Kh5 1-0

[Event "European Youth Chess Championship B12"]
[Site "Prague, Top Hotel Prague"]
[Date "2016.08.21"]
[Round "4.28"]
[White "Astner, Sebastian"]
[Black "Mansoor, Afras"]
[Result "1/2-1/2"]
[WhiteElo "1893"]
[BlackElo "1728"]
[PlyCount "61"]
[EventDate "2016.08.18"]

1. e4 Nf6 2. e5 Ne4 3. Nc3 Nxc3 4. dxc3 d6 5. Bf4 g6 6. Nf3 Bg7 7. h3 Nc6 8.
Bb5 Bd7 9. Qe2 dxe5 10. Bxe5 Nxe5 11. Nxe5 Bxb5 12. Qxb5+ c6 13. Qe2 O-O 14.
O-O Qc7 15. Nc4 b5 16. Ne3 a5 17. c4 b4 18. Rab1 a4 19. Rfd1 Rfb8 20. Rd3 e5
21. f3 f5 22. Rbd1 Ra7 23. b3 axb3 24. axb3 Rba8 25. c5 Qa5 26. Rd7 Rxd7 27.
Rxd7 Qxc5 28. Qc4+ Qxc4 29. Nxc4 Ra2 30. Rc7 Rxc2 31. Rc8+ 1/2-1/2

[Event "European Youth Chess Championship B12"]
[Site "Prague, Top Hotel Prague"]
[Date "2016.08.21"]
[Round "4.29"]
[White "Ratnesan, Ranesh"]
[Black "Verma, Aditya"]
[Result "1-0"]
[WhiteElo "1714"]
[BlackElo "1890"]
[PlyCount "137"]
[EventDate "2016.08.18"]

1. Nf3 d5 2. g3 Nf6 3. Bg2 c6 4. c4 Bf5 5. O-O e6 6. cxd5 exd5 7. d3 Be7 8. Qb3
Qb6 9. Qc2 O-O 10. Nh4 Bg6 11. e4 Nbd7 12. Nc3 dxe4 13. dxe4 Ne5 14. Be3 Qa5
15. h3 Rad8 16. Ne2 Qb4 17. Nxg6 hxg6 18. Rad1 a6 19. b3 Ned7 20. Rd4 Qa5 21.
Ra4 Qc7 22. f4 Nb6 23. Rd4 Rxd4 24. Bxd4 Rd8 25. Kh1 Nc8 26. e5 Nd5 27. Qe4 Qd7
28. g4 Re8 29. Qf3 Ncb6 30. f5 gxf5 31. gxf5 c5 32. Ba1 Bg5 33. Qg4 f6 34. exf6
Bxf6 35. Bxf6 Nxf6 36. Qf3 Nbd5 37. Nc3 Re3 38. Nxd5 Rxf3 39. Nxf6+ gxf6 40.
Rxf3 Kf7 41. Rf4 Qd2 42. Rc4 b6 43. Ra4 a5 44. Kh2 Qf2 45. Rg4 Qxf5 46. a4 Qd3
47. Rg3 Qd6 48. Bf1 f5 49. Bc4+ Kf6 50. h4 f4 51. Rf3 Kf5 52. Bd3+ Kg4 53. Be2
Qd2 54. Rf2+ Kxh4 55. Kg1 Qe1+ 56. Kg2 Kg5 57. Bd3 Qc3 58. Bc4 Kf5 59. Rf3 Qd2+
60. Rf2 Qd4 61. Kf3 Qe3+ 62. Kg2 Qg3+ 63. Kf1 Ke5 64. Rd2 Qc3 65. Rf2 b5 66.
axb5 a4 67. b6 axb3 68. b7 Qxc4+ 69. Re2+ 1-0

[Event "European Youth Chess Championship B12"]
[Site "Prague, Top Hotel Prague"]
[Date "2016.08.21"]
[Round "4.30"]
[White "Harutyunyan, Safar"]
[Black "Chiriac, Daniel"]
[Result "0-1"]
[WhiteElo "1867"]
[BlackElo "1687"]
[PlyCount "68"]
[EventDate "2016.08.18"]

1. e4 c5 2. Nc3 e6 3. Nf3 a6 4. d4 cxd4 5. Nxd4 d6 6. Be3 Nf6 7. Bc4 Be7 8. Bb3
Qc7 9. a4 O-O 10. O-O Nc6 11. f4 Na5 12. Qe2 Bd7 13. g4 Bc6 14. Bf2 Nxb3 15.
cxb3 Rfd8 16. g5 Ne8 17. b4 e5 18. Nf5 b6 19. Kh1 Rd7 20. b5 axb5 21. axb5 Rxa1
22. Rxa1 Bb7 23. Qd2 Kf8 24. Rd1 f6 25. fxe5 fxe5 26. Bh4 Qc4 27. Qe3 g6 28.
Nh6 Ng7 29. Re1 Rc7 30. Rd1 Ne6 31. Ng4 Nf4 32. Nf6 Qb3 33. Rf1 Bxf6 34. Qxb6
Qc2 0-1

[Event "European Youth Chess Championship B12"]
[Site "Prague, Top Hotel Prague"]
[Date "2016.08.21"]
[Round "4.31"]
[White "Bilych, Olexiy"]
[Black "Husa, Daniel"]
[Result "1-0"]
[WhiteElo "1860"]
[BlackElo "1488"]
[PlyCount "61"]
[EventDate "2016.08.18"]

1. e4 c6 2. d4 d5 3. exd5 cxd5 4. c4 dxc4 5. Bxc4 Nf6 6. Nc3 g6 7. Nf3 Bg7 8.
h3 O-O 9. O-O Qc7 10. Bb3 a6 11. Bg5 Bd7 12. Re1 e6 13. Ne5 Nc6 14. Rc1 Qd6 15.
Bxf6 Bh6 16. Ne4 Qxd4 17. Nxc6 Qxf6 18. Nxf6+ Kg7 19. Nxd7 Rfe8 20. Qd4+ Kg8
21. Nf6+ Kf8 22. Nxh7+ Kg8 23. Nf6+ Kf8 24. Qd6+ Kg7 25. Nxe8+ Rxe8 26. Ne5 Rf8
27. Rc7 Bf4 28. Bxe6 Kh6 29. Ng4+ Kg7 30. Qxf4 b5 31. Qh6+ 1-0

[Event "European Youth Chess Championship B12"]
[Site "Prague, Top Hotel Prague"]
[Date "2016.08.21"]
[Round "4.32"]
[White "Rokos, Filip"]
[Black "Tsaruk, Maksim"]
[Result "0-1"]
[WhiteElo "1687"]
[BlackElo "2098"]
[PlyCount "130"]
[EventDate "2016.08.18"]

1. e4 e5 2. Nf3 Nc6 3. Bb5 a6 4. Ba4 Nf6 5. d3 d6 6. c3 g6 7. O-O b5 8. Bb3 Bg7
9. Re1 O-O 10. Nbd2 Na5 11. Bc2 c5 12. Nf1 Qc7 13. Ne3 Bb7 14. b4 Nc6 15. a3
Rad8 16. Bb3 Ne7 17. Qe2 cxb4 18. cxb4 d5 19. exd5 Nexd5 20. Nxd5 Bxd5 21. Ba2
Rfe8 22. Be3 Bxa2 23. Rxa2 Qc3 24. Rd1 e4 25. dxe4 Nxe4 26. Rc1 Qd3 27. Qxd3
Rxd3 28. h3 Bc3 29. Ne1 Bxe1 30. Rxe1 Nd6 31. a4 Nc4 32. axb5 axb5 33. Rae2
Nxe3 34. Rxe3 Rexe3 35. Rxe3 Rd1+ 36. Kh2 Rb1 37. Re4 f5 38. Rd4 Rb3 39. f3 h6
40. Kg3 Kf7 41. Kf4 Ke6 42. h4 Rc3 43. g4 fxg4 44. fxg4 Rh3 45. Rd1 Rxh4 46.
Re1+ Kd5 47. Kg3 g5 48. Rc1 Ke4 49. Rc5 Rh1 50. Rxb5 Rg1+ 51. Kf2 Rxg4 52. Rb8
Kf5 53. b5 Rb4 54. b6 Kg4 55. b7 h5 56. Ke3 Kh4 57. Kd3 g4 58. Kc3 Rb1 59. Kc4
Kh3 60. Kc5 g3 61. Kc6 g2 62. Rg8 h4 63. Kc7 Rxb7+ 64. Kxb7 Kh2 65. Rh8 h3 0-1

[Event "European Youth Chess Championship B12"]
[Site "Prague, Top Hotel Prague"]
[Date "2016.08.21"]
[Round "4.33"]
[White "Karacsonyi, Gellert"]
[Black "Koziorowicz, Michal"]
[Result "0-1"]
[WhiteElo "2122"]
[BlackElo "1816"]
[PlyCount "78"]
[EventDate "2016.08.18"]

1. e4 c5 2. Nf3 d6 3. d4 cxd4 4. Nxd4 Nf6 5. Nc3 g6 6. Be3 Bg7 7. f3 O-O 8. Qd2
Nc6 9. Bc4 Bd7 10. O-O-O Rc8 11. Bb3 Ne5 12. h4 h5 13. Bh6 Nc4 14. Bxc4 Rxc4
15. Bxg7 Kxg7 16. g4 hxg4 17. h5 Rh8 18. hxg6 fxg6 19. f4 Rc5 20. f5 b5 21. Qg5
Qe8 22. Rxh8 Qxh8 23. Qxg6+ Kf8 24. Qg5 b4 25. Nce2 Nxe4 26. Qf4 Qe5 27. Qh6+
Qg7 28. Qh2 Bxf5 29. Kb1 Ke8 30. Qg2 Qe5 31. Nxf5 Qxf5 32. Nd4 Rd5 33. a3 Qe5
34. Qg1 bxa3 35. c4 Rc5 36. Qxg4 axb2 37. Qg8+ Kd7 38. Qg4+ e6 39. Qh3 Nd2+ 0-1

[Event "European Youth Chess Championship B12"]
[Site "Prague, Top Hotel Prague"]
[Date "2016.08.21"]
[Round "4.34"]
[White "Tsvetkov, Andrey"]
[Black "Nguyen, Thai Dai Vinh"]
[Result "1-0"]
[WhiteElo "2096"]
[BlackElo "1774"]
[PlyCount "63"]
[EventDate "2016.08.18"]

1. Nf3 Nf6 2. c4 e6 3. g3 b6 4. Bg2 Bb7 5. O-O c5 6. Nc3 Be7 7. d4 cxd4 8. Qxd4
O-O 9. Bg5 d5 10. Ne5 Nc6 11. Nxc6 Bxc6 12. Qd3 Rc8 13. Bxf6 Bxf6 14. cxd5 exd5
15. Nxd5 Bxd5 16. Bxd5 Bxb2 17. Rad1 Bf6 18. Rd2 Qe7 19. Rfd1 Rfd8 20. Qf3 h6
21. h4 Kh8 22. e3 Kg8 23. Kg2 Re8 24. Qg4 Rc5 25. Bb3 h5 26. Qf3 Qe5 27. Kh2
Re7 28. Rd8+ Kh7 29. R8d5 Rxd5 30. Rxd5 Qc7 31. Rxh5+ Kg8 32. Qa8+ 1-0

[Event "European Youth Chess Championship B12"]
[Site "Prague, Top Hotel Prague"]
[Date "2016.08.21"]
[Round "4.35"]
[White "Nguyen, Lucas"]
[Black "Bochnicka, Vladimir"]
[Result "1/2-1/2"]
[WhiteElo "1806"]
[BlackElo "1953"]
[PlyCount "100"]
[EventDate "2016.08.18"]

1. e4 c5 2. Nf3 Nc6 3. d4 cxd4 4. Nxd4 Nf6 5. Nc3 e5 6. Nxc6 bxc6 7. f3 Bb4 8.
Bg5 d5 9. Bxf6 gxf6 10. exd5 Qxd5 11. Qxd5 cxd5 12. O-O-O Bxc3 13. bxc3 Be6 14.
Bb5+ Ke7 15. Rhe1 Rhc8 16. Re2 Rc5 17. Ba4 Rac8 18. Kb2 a5 19. Bb3 Rb8 20. a4
Rbc8 21. Red2 Rb8 22. Ka2 Kf8 23. f4 e4 24. f5 Bxf5 25. Rxd5 Rxd5 26. Bxd5 Rd8
27. c4 Bg6 28. Kb2 f5 29. g3 Kg7 30. Kc3 Kf6 31. Kd4 Kg5 32. c5 f4 33. gxf4+
Kxf4 34. c4 f5 35. c6 Kg5 36. Kc5 f4 37. Re1 e3 38. c7 Rc8 39. Kd6 Bf5 40. c5
Re8 41. Bf3 Kh4 42. c6 Kh3 43. Re2 Kh4 44. Re1 Kg5 45. Rg1+ Kf6 46. Re1 Bc8 47.
Rb1 Re6+ 48. Kd5 Re5+ 49. Kd6 Re6+ 50. Kd5 Re5+ 1/2-1/2

[Event "European Youth Chess Championship B12"]
[Site "Prague, Top Hotel Prague"]
[Date "2016.08.21"]
[Round "4.36"]
[White "Malkoc, Tilen"]
[Black "Dobrikov, Marco"]
[Result "0-1"]
[WhiteElo "1770"]
[BlackElo "1911"]
[PlyCount "113"]
[EventDate "2016.08.18"]

1. e4 c5 2. Nf3 Nc6 3. Bb5 g6 4. O-O Bg7 5. c3 Nf6 6. Re1 O-O 7. d4 cxd4 8.
cxd4 d5 9. e5 Ne8 10. Nc3 Bg4 11. Be2 e6 12. h3 Bxf3 13. Bxf3 Qb6 14. Ne2 Nc7
15. Rb1 f6 16. exf6 Bxf6 17. Be3 Nb5 18. Bg4 Rae8 19. Nf4 Nc7 20. Ne2 Rf7 21.
Qd2 Nb5 22. Rbd1 Nd6 23. b3 Ne4 24. Qc2 Nb4 25. Qb2 Qa6 26. Nc1 Rc7 27. Be2 Qb6
28. Bd3 Nc3 29. Rd2 Rec8 30. a3 Nxd3 31. Rxd3 Nb5 32. Rd2 Qa5 33. a4 Nxd4 34.
b4 Nf3+ 35. gxf3 Bxb2 36. bxa5 Rxc1 37. Rxc1 Bxc1 38. Rd4 Bxe3 39. fxe3 Rc5 40.
Rb4 Rxa5 41. Rxb7 Rxa4 42. Re7 Ra6 43. Kf2 h6 44. Kg3 Kf8 45. Rd7 Ra4 46. Rc7
a5 47. Rd7 Ra3 48. Kf2 a4 49. Rh7 h5 50. h4 Ra2+ 51. Kg3 Re2 52. Kf4 a3 53. Ra7
a2 54. e4 d4 55. Ke5 d3 56. Kxe6 Rf2 57. Ke5 0-1

[Event "European Youth Chess Championship B12"]
[Site "Prague, Top Hotel Prague"]
[Date "2016.08.21"]
[Round "4.37"]
[White "Bin-Suhayl, Ieysaa"]
[Black "Stoyanov, Georgi"]
[Result "1/2-1/2"]
[WhiteElo "1899"]
[BlackElo "1810"]
[PlyCount "108"]
[EventDate "2016.08.18"]

1. Nf3 Nf6 2. c4 c5 3. g3 d5 4. Bg2 Nc6 5. cxd5 Nxd5 6. d4 e6 7. O-O Nf6 8.
dxc5 Qxd1 9. Rxd1 Bxc5 10. Nc3 Ke7 11. Bg5 Bd7 12. Ne4 Bb6 13. Nxf6 gxf6 14.
Bxf6+ Kxf6 15. Rxd7 Rab8 16. Nd2 Rhd8 17. Ne4+ Kg7 18. Rad1 Bd4 19. Rxd8 Rxd8
20. Nc3 Bf6 21. Rxd8 Nxd8 22. Kf1 Kf8 23. Ke1 Ke7 24. Kd2 Be5 25. f4 Bd4 26. e3
Bf6 27. h4 Kd7 28. h5 b6 29. g4 h6 30. b3 Be7 31. Ne4 f6 32. Ng3 Nf7 33. Kd3
Bc5 34. Be4 Be7 35. Bg6 Nd8 36. a4 Nb7 37. Kc4 Nd6+ 38. Kc3 a5 39. e4 e5 40.
fxe5 fxe5 41. Bf5+ Ke8 42. Nf1 Kf7 43. Ne3 Bd8 44. Nc4 Nxc4 45. Kxc4 Bg5 46.
Kb5 Be3 47. g5 Bxg5 48. Kxb6 Bd2 49. Kc6 Ke7 50. Kd5 Kf6 51. Kd6 Bb4+ 52. Kd7
Bc5 53. Bg6 Bb4 54. Ke8 Bc5 1/2-1/2

[Event "European Youth Chess Championship B12"]
[Site "Prague, Top Hotel Prague"]
[Date "2016.08.21"]
[Round "4.38"]
[White "Karaoglan, Doruk"]
[Black "Hajpek, Erik"]
[Result "1-0"]
[WhiteElo "1889"]
[BlackElo "1701"]
[PlyCount "101"]
[EventDate "2016.08.18"]

1. e4 e5 2. Nf3 Nc6 3. Bb5 Bc5 4. O-O Nd4 5. Nxd4 Bxd4 6. c3 Bb6 7. d4 c6 8.
Ba4 d6 9. Na3 exd4 10. cxd4 Ne7 11. d5 O-O 12. dxc6 bxc6 13. Qc2 Bb7 14. Nc4
Ng6 15. Nxb6 axb6 16. Rd1 b5 17. Bb3 c5 18. Bd5 Bxd5 19. Rxd5 b4 20. Be3 Qc7
21. b3 Ra6 22. Qe2 Rfa8 23. Rd2 Ra3 24. Rad1 R8a6 25. f4 h6 26. Rc2 Qa7 27. e5
dxe5 28. Bxc5 Qa8 29. Rcd2 Kh7 30. fxe5 Rxa2 31. Bxb4 Ra1 32. Bc3 Rxd1+ 33.
Qxd1 Rc6 34. Bb2 Qa7+ 35. Kh1 Qc7 36. Rd7 Qa5 37. Rxf7 Rc2 38. Ba1 Ra2 39. Rf1
Nf4 40. Qd4 Ne2 41. Qd3+ Kg8 42. e6 Ng3+ 43. Qxg3 Rxa1 44. Qf2 Qe5 45. h3 Rxf1+
46. Qxf1 Qxe6 47. Qc4 Qxc4 48. bxc4 Kf7 49. Kg1 Ke6 50. Kf2 Kd6 51. Kf3 1-0

[Event "European Youth Chess Championship B12"]
[Site "Prague, Top Hotel Prague"]
[Date "2016.08.21"]
[Round "4.39"]
[White "Stremavicius, Pijus"]
[Black "Ben Ari, Yannay"]
[Result "1/2-1/2"]
[WhiteElo "1771"]
[BlackElo "1883"]
[PlyCount "93"]
[EventDate "2016.08.18"]

1. Nf3 f5 2. d4 Nf6 3. Bf4 e6 4. e3 b6 5. h3 Bb7 6. Nbd2 Be7 7. c3 O-O 8. Qc2
Ne4 9. Nxe4 Bxe4 10. Bd3 Bxd3 11. Qxd3 d6 12. O-O-O Qe8 13. h4 Bf6 14. Bg5 Nd7
15. e4 Bxg5+ 16. hxg5 Qg6 17. exf5 Qxf5 18. Qxf5 exf5 19. Rh3 Rfe8 20. Kd2 Re4
21. Re1 Rae8 22. Rhh1 b5 23. Rxe4 fxe4 24. Re1 Kf7 25. Ng1 Nb6 26. b3 Nd5 27.
Nh3 Kg6 28. a3 Kf5 29. c4 bxc4 30. bxc4 Nf4 31. Nxf4 Kxf4 32. Rh1 Rb8 33. Rh4+
Kxg5 34. Rxh7 Rb2+ 35. Ke3 Kg6 36. Rh3 Kf5 37. g4+ Kxg4 38. Rg3+ Kf5 39. Rxg7
Rb3+ 40. Ke2 Rxa3 41. Rxc7 Rd3 42. Rxa7 Rxd4 43. Ra6 Ke5 44. Rc6 Rd3 45. c5 d5
46. Rc8 Rc3 47. c6 1/2-1/2

[Event "European Youth Chess Championship B12"]
[Site "Prague, Top Hotel Prague"]
[Date "2016.08.21"]
[Round "4.40"]
[White "Mechlinski, Jakub"]
[Black "Arbuzov, Timofey"]
[Result "1/2-1/2"]
[WhiteElo "1753"]
[BlackElo "1870"]
[PlyCount "43"]
[EventDate "2016.08.18"]

1. e4 c6 2. d4 d5 3. Nc3 dxe4 4. Nxe4 Bf5 5. Ng3 Bg6 6. Nf3 Nd7 7. Bd3 Bxd3 8.
Qxd3 e5 9. O-O Ngf6 10. Re1 Be7 11. c3 O-O 12. Bd2 Qc7 13. Ne4 Rfd8 14. Qe2 Nd5
15. Rad1 Rac8 16. b3 Nf4 17. Qe3 Nd5 18. Qe2 c5 19. c4 Nf4 20. Qe3 Ng6 21. Bc3
cxd4 22. Bxd4 1/2-1/2

[Event "European Youth Chess Championship B12"]
[Site "Prague, Top Hotel Prague"]
[Date "2016.08.21"]
[Round "4.41"]
[White "Aalto, Patrik"]
[Black "Koelle, Tobias"]
[Result "0-1"]
[WhiteElo "1733"]
[BlackElo "1866"]
[PlyCount "130"]
[EventDate "2016.08.18"]

1. e4 c5 2. Nf3 Nc6 3. d4 cxd4 4. Nxd4 g6 5. Nc3 Bg7 6. Be3 Nf6 7. Bc4 O-O 8.
Bb3 a6 9. O-O d6 10. h3 Bd7 11. a4 Rc8 12. f4 Nxd4 13. Bxd4 Bc6 14. Qd3 Qd7 15.
a5 e6 16. Rad1 Qe7 17. Rfe1 Rfd8 18. Qe3 Bh6 19. Qe2 Bg7 20. Bb6 Rd7 21. Bd4
Re8 22. Qf1 Rc8 23. Kh1 Qd8 24. Bb6 Qe8 25. Bd4 e5 26. Bb6 exf4 27. Qxf4 Nh5
28. Qe3 Be5 29. Bd4 Nf4 30. Bxe5 dxe5 31. Rxd7 Qxd7 32. Rd1 Qe7 33. Nd5 Bxd5
34. exd5 Qg5 35. Qf3 e4 36. Qg4 Qxg4 37. hxg4 e3 38. g3 Nh3 39. Kg2 Ng5 40. Re1
Re8 41. d6 Rd8 42. Rxe3 Rxd6 43. Re7 b6 44. axb6 Rxb6 45. Re5 h6 46. Kf2 Kg7
47. Rd5 Rb4 48. Ra5 Rxg4 49. Rxa6 Ne4+ 50. Kf3 f5 51. Ra7+ Kf6 52. Ra6+ Kg5 53.
Bg8 Rxg3+ 54. Ke2 Nf6 55. Kf2 f4 56. Ra4 Kh5 57. Ra6 Ne4+ 58. Ke2 f3+ 59. Kf1
g5 60. Rxh6+ Kg4 61. Be6+ Kf4 62. c4 Ke3 63. Rh2 f2 64. Rxf2 Nxf2 65. c5 Ne4 {
time} 0-1

[Event "European Youth Chess Championship B12"]
[Site "Prague, Top Hotel Prague"]
[Date "2016.08.21"]
[Round "4.42"]
[White "Czernek, Tymon"]
[Black "Pribyl, Viktor"]
[Result "1-0"]
[WhiteElo "1847"]
[BlackElo "1742"]
[PlyCount "71"]
[EventDate "2016.08.18"]

1. d4 Nf6 2. c4 g6 3. g3 Bg7 4. Bg2 d5 5. cxd5 Nxd5 6. e4 Nb6 7. Nf3 O-O 8. O-O
Nc6 9. d5 Na5 10. Nbd2 c6 11. dxc6 Nxc6 12. Qe2 Bg4 13. Nb3 e5 14. Be3 Re8 15.
Rfd1 Qc7 16. Nc5 Rad8 17. h3 Bxf3 18. Bxf3 Nd4 19. Bxd4 exd4 20. Rac1 Qe7 21.
Qd3 Nd7 22. Nxd7 Qxd7 23. Kg2 a6 24. Rc5 Qe6 25. b3 h5 26. Re1 Rc8 27. Rxc8
Rxc8 28. e5 Qd7 29. e6 Qe7 30. g4 Rc3 31. Qd2 hxg4 32. hxg4 Kf8 33. Qf4 Rc7 34.
exf7 Qxf7 35. Qd6+ Re7 36. Bd5 1-0

[Event "European Youth Chess Championship B12"]
[Site "Prague, Top Hotel Prague"]
[Date "2016.08.21"]
[Round "4.43"]
[White "Skypala, Ondrej"]
[Black "Yaniv, Yuval"]
[Result "0-1"]
[WhiteElo "1703"]
[BlackElo "1845"]
[PlyCount "50"]
[EventDate "2016.08.18"]

1. e4 c5 2. c3 d6 3. d4 Nf6 4. Bd3 cxd4 5. cxd4 g6 6. Nf3 Bg7 7. Be3 O-O 8. O-O
Nc6 9. Nc3 Bg4 10. Be2 Bxf3 11. Bxf3 Rc8 12. Rc1 a6 13. Be2 b5 14. a3 Qa5 15.
f3 Rfd8 16. Qd2 e5 17. b4 Qb6 18. dxe5 dxe5 19. Nd5 Qb7 20. Bg5 Nxd5 21. exd5
Nd4 22. Bxd8 Rxd8 23. Qa2 Bh6 24. Rc3 Qxd5 25. Qb2 Nxe2+ 0-1